书目信息 |
| 题名: |
信息技术与企业伦理
|
|
| 作者: | 德乔治 , De George 著 ;李布 译 | |
| 分册: | ||
| 出版信息: | 北京 北京大学出版社 2005 |
|
| 页数: | 275页 | |
| 开本: | 21cm | |
| 丛书名: | 未名译库 | |
| 单 册: | ||
| 中图分类: | F270-05 | |
| 科图分类: | ||
| 主题词: | 信息技术--关系--企业--伦理学--研究 , 信息技术 , 企业 , 伦理学 | |
| 电子资源: | ||
| ISBN: | 7-301-06942-1 | |
| 000 | 01153oam2 2200325 450 | |
| 001 | 012007068519 | |
| 005 | 20070522164132.98 | |
| 010 | @a7-301-06942-1@dCNY18.00 | |
| 100 | @a20070515d2005 km y0chiy0120 ea | |
| 101 | 1 | @achi@ceng |
| 102 | @aCN@b110000 | |
| 105 | @ay z 001yy | |
| 106 | @ar | |
| 200 | 1 | @a信息技术与企业伦理@Axin xi ji shu yu qi ye lun li@f(美)理查德·T.德·乔治著@F(mei)li cha de·T.de·qiao zhi zhu@g李布译@Gli bu yi |
| 210 | @a北京@c北京大学出版社@d2005 | |
| 215 | @a275页@d21cm | |
| 225 | 2 | @a未名译库@i经济伦理学译丛@v6 |
| 330 | @a本书从伦理学与信息革命、员工的隐私交流、软件与知识产权保护等方面,探讨计算机信息技术企业内部的伦理问题由于应用信息技术引起的其他企业的伦理问题。 | |
| 462 | 1 | @12001 @a经济伦理学译丛 |
| 510 | 1 | @aEhics of information technology and business@zeng |
| 606 | 0 | @a信息技术@x关系@x企业@x伦理学@x研究 |
| 606 | 0 | @a信息技术 |
| 606 | 0 | @a企业 |
| 606 | 0 | @a伦理学 |
| 690 | @aF270-05@v4 | |
| 701 | 1 | @c(美)@a德乔治@Ade qiao zhi@b理查德·T.@4著 |
| 701 | 1 | @c(美)@aDe George@bRichard T.@4著 |
| 702 | 0 | @a李布@Ali bu@4译 |
| 801 | 0 | @aCN@bRULIN@c20070522 |
| 905 | @dF270-05@e506@s8 | |
| 信息技术与企业伦理/(美)理查德·T.德·乔治著/李布译.-北京:北京大学出版社,2005 |
| 275页;21cm.-(未名译库.经济伦理学译丛;6) |
| ISBN 7-301-06942-1:CNY18.00 |
| 本书从伦理学与信息革命、员工的隐私交流、软件与知识产权保护等方面,探讨计算机信息技术企业内部的伦理问题由于应用信息技术引起的其他企业的伦理问题。 |
| ● |
| 相关链接 |
|
|
|
|
正题名:信息技术与企业伦理
索取号:F270-05/506
 
预约/预借
| 序号 | 登录号 | 条形码 | 馆藏地/架位号 | 状态 | 备注 |
| 1 | 0579367 | 205793676 | 第一样本阅览室/ [索取号:F270-05/506] | 在馆 | |
| 2 | 0579368 | 205793685 | 密集书库/ [索取号:F270-05/506] | 在馆 | |
| 3 | 0579369 | 205793694 | 密集书库/ [索取号:F270-05/506] | 在馆 | |
| 4 | 0579370 | 205793701 | 密集书库/ [索取号:F270-05/506] | 在馆 | |
| 5 | 0579371 | 205793710 | 第一借阅区/ [索取号:F270-05/506] | 在馆 | |
| 6 | 0579372 | 205793729 | 第一借阅区/ [索取号:F270-05/506] | 在馆 | |
| 7 | 0579373 | 205793738 | 第一借阅区/ [索取号:F270-05/506] | 在馆 | |
| 8 | 0579374 | 205793747 | 第一借阅区/ [索取号:F270-05/506] | 在馆 |